Blink - the power of thinking without thinking / (Record no. 354073)
[ view plain ]
| 000 -LEADER | |
|---|---|
| fixed length control field | 01102nam a2200265 a 4500 |
| 001 - CONTROL NUMBER | |
| control field | ASIN0141022043 |
| 003 - CONTROL NUMBER IDENTIFIER | |
| control field | OSt |
| 005 - DATE AND TIME OF LATEST TRANSACTION | |
| control field | 20180116192426.0 |
| 008 - FIXED-LENGTH DATA ELEMENTS--GENERAL INFORMATION | |
| fixed length control field | 150212s2005 xxu eng d |
| 020 ## - INTERNATIONAL STANDARD BOOK NUMBER | |
| International Standard Book Number | 0141022043 (paperback) |
| 020 ## - INTERNATIONAL STANDARD BOOK NUMBER | |
| International Standard Book Number | 9780141022048 (paperback) |
| 040 ## - CATALOGING SOURCE | |
| Transcribing agency | 0 |
| 050 04 - LIBRARY OF CONGRESS CALL NUMBER | |
| Classification number | BF448 |
| 082 04 - DEWEY DECIMAL CLASSIFICATION NUMBER | |
| Classification number | 153.44 |
| 100 1# - MAIN ENTRY--PERSONAL NAME | |
| Personal name | Gladwell, Malcolm. |
| 9 (RLIN) | 8060 |
| 245 10 - TITLE STATEMENT | |
| Title | Blink - the power of thinking without thinking / |
| Statement of responsibility, etc. | Malcolm Gladwell. |
| 250 ## - EDITION STATEMENT | |
| Edition statement | Book Club (BCE/BOMC) ed. |
| 260 ## - PUBLICATION, DISTRIBUTION, ETC. | |
| Place of publication, distribution, etc. | London: |
| Name of publisher, distributor, etc. | Back Bay/Little, Brown & Co., |
| Date of publication, distribution, etc. | 2005. |
| 300 ## - PHYSICAL DESCRIPTION | |
| Extent | 296 p. ; |
| Dimensions | 18 cm. |
| 520 ## - SUMMARY, ETC. | |
| Summary, etc. | INTUITION IS OFTEN PRESENTED AS THE OPPOSITE OF STRUCTURED ACHIEVEMENT. THERE ARE PEOPLE WHO INTUIT THE ANSWER TO A PROBLEM, AND THERE ARE THOSE WHO WORK IT OUT THE LONG AND HARD WAY. THIS DISTINCTION IS FALSE: INTUITIVE FACILITIES TURN OUT TO BE GIFTS THAT ARE DEVELOPED AND EDUCATED BY PRACTICE AND EXPERIENCE. |
| 650 #0 - SUBJECT ADDED ENTRY--TOPICAL TERM | |
| Topical term or geographic name entry element | Decision making |
| 9 (RLIN) | 8061 |
| 650 #0 - SUBJECT ADDED ENTRY--TOPICAL TERM | |
| Topical term or geographic name entry element | Intuition |
| 9 (RLIN) | 8062 |
| 856 40 - ELECTRONIC LOCATION AND ACCESS | |
| Materials specified | Amazon.com |
| Uniform Resource Identifier | <a href="http://www.amazon.com/exec/obidos/ASIN/0141022043/chopaconline-20">http://www.amazon.com/exec/obidos/ASIN/0141022043/chopaconline-20</a> |
| 942 ## - ADDED ENTRY ELEMENTS (KOHA) | |
| Source of classification or shelving scheme | |
| Koha item type | Book |
| Withdrawn status | Lost status | Source of classification or shelving scheme | Damaged status | Not for loan | Permanent Location | Current Location | Date acquired | Total Checkouts | Total Renewals | Full call number | Barcode | Checked out | Date last seen | Date last checked out | Copy number | Cost, replacement price | Price effective from | Koha item type |
|---|---|---|---|---|---|---|---|---|---|---|---|---|---|---|---|---|---|---|
| School of Art Design and Architecture (SADA) | School of Art Design and Architecture (SADA) | 02/13/2015 | 4 | 1 | 153.44 GIA 2005 | SADA0002460 | 01/27/2026 | 12/23/2025 | 12/23/2025 | 01 | 1387.88 | 02/13/2015 | Book |
